header

Professional risk and working with people (Record no. 150068)

MARC details
000 -LEADER
fixed length control field 01344nam a2200337Ia 4500
100 1# - MAIN ENTRY--AUTHOR NAME
Personal name Carson, David,
245 10 - TITLE STATEMENT
Title Professional risk and working with people
260 ## - PUBLICATION, DISTRIBUTION, ETC. (IMPRINT)
Place of publication London ;
-- Philadelphia :
Name of publisher Jessica Kingsley Publishers,
Year of publication 2008.
300 ## - PHYSICAL DESCRIPTION
Number of Pages 256 p.
650 #0 - SUBJECT ADDED ENTRY--TOPICAL TERM
Topical Term Risk management.
Topical Term Risk managers.
Topical Term Decision making.
Topical Term Social service
700 1# - ADDED ENTRY--PERSONAL NAME
Personal name Bain, Andy,
856 40 - ELECTRONIC LOCATION AND ACCESS
Uniform Resource Identifier http://site.ebrary.com/lib/rucke/Doc?id=10251448

No items available.

© 2026 Rongo University
Contact us: librarian | system librarian | Rongo university